| 000 | 01281nam a2200325Ia 4500 | ||
|---|---|---|---|
| 001 | ebr10159552 | ||
| 003 | CaPaEBR | ||
| 006 | m u | ||
| 007 | cr cn||||||||| | ||
| 008 | 990623s2000 mnu s 000 0deng d | ||
| 010 | _z 99006690 | ||
| 020 | _z9781570251986 | ||
| 020 | _z1570251983 (pbk.) | ||
| 040 |
_aCaPaEBR _cCaPaEBR |
||
| 035 | _a(OCoLC)232159937 | ||
| 050 | 1 | 4 |
_aSD421.233 _b.L47 2000eb |
| 082 | 0 | 4 |
_a363.37/9 _221 |
| 100 | 1 |
_aLeschak, Peter M., _d1951- |
|
| 245 | 1 | 0 |
_aTrials by wildfire _h[electronic resource] : _bin search of the new warrior spirit / _cPeter M. Leschak. |
| 260 |
_aDuluth, Minn. : _bPfeifer-Hamilton, _cc2000. |
||
| 300 | _a168 p. | ||
| 533 |
_aElectronic reproduction. _bPalo Alto, Calif. : _cebrary, _d2008. _nAvailable via World Wide Web. _nAccess may be limited to ebrary affiliated libraries. |
||
| 586 | _aNortheastern Minnesota Book Award (NEMBA) nominee, 1999 | ||
| 600 | 1 | 0 |
_aLeschak, Peter M., _d1951- |
| 650 | 0 |
_aForest fires _xPrevention and control _vAnecdotes. |
|
| 650 | 0 |
_aForest fire fighters _vAnecdotes. |
|
| 655 | 7 |
_aElectronic books. _2local |
|
| 710 | 2 | _aebrary, Inc. | |
| 856 | 4 | 0 |
_uhttp://site.ebrary.com/lib/rucke/Doc?id=10159552 _zAn electronic book accessible through the World Wide Web; click to view |
| 999 |
_c134198 _d134198 |
||